00982nam a2200217 a 450000100100000000500170001000800410002702000150006804000250008308200150010810000420012324501220016526000770028730000280036450000730039250400410046504900090050695201190051595201130063499900170074700001645420200929164922.0100305s1998 dr a 000 0 spa d z9788156783 aDO-SdBNPbspacBNPHU axxxbM425g1 aMateo Dicló, Luisa América93666310aGuía de animación sociocultural :bel vínculo entre la escuela y la comunidad /cLuisa América Mateo Dicló. aSanto Domingo :bSecretaría de Estado de Educación y cultura,c1998. a107 p. :bil. ;c28 cm. aIncluye datos biográficos de la autora en la solapa de la cubierta aIncluye bibliografías [p. 105-106] aBNPD 0010718PDaPDbPDcCTd2010-03-05iLF1l0oxxx M425gp16454-10r2020-06-25te. 2w2020-06-25yLFPDZNo se presta 0010718PDaPDbPDcCTd2010-03-05iLF1l0oxxx M425gp16454-20r2020-06-25w2020-06-25yLFPDZNo se presta c15989d15989